Owoc lub warzywo, z którego robi się koktajle dla osób na diecie. - Statystyki

Ogólne statystyki
  • Ten quiz został rozwiązany 14 razy
  • Średni wynik to 3 z 7
Statystyki odpowiedzi
Odpowiedź % Poprawnych
Banan
91%
Szpinak
82%
Truskawka
73%
Marchewka
36%
Awokado
27%
Jarmuż
27%
Mango
9%
Nie znaleziono quizów pasujących do podanych kryteriów
Rozkład punktacji
Procent ludzi z każdym wynikiem
Percentyl według liczby udzielonych odpowiedzi
Twoja historia wyników
Nie rozwiązałeś tego quizu